000 00797cam a2200277 4500
008 000000n1999 000 0 eng u
020 _a0863421830
035 _a(Sirsi) u106736
041 _a711.52094
100 _aHart, Douglas
245 _aInnovative clusters and competitive cities in the UK and Europe
260 _aOxford
_bOxford Brookes University
_c1999
300 _a199p. ; 30cm.
350 _a8.00
490 _aWorking Paper
_vNo.182
520 _aProceedings of an International Research Seminar held at Reading University - May 1998
650 _aCITIES
650 _aINNOVATION
650 _aECONOMIC GROWTH
650 _aSOCIAL ISSUES
650 _aEUROPE
690 _aECONOMIC ISSUES
700 _aWood, Peter
700 _aSennett, James
942 _n0
999 _c100623
_d100623